| 000 | 00930nam a2200265 i 4500 | ||
|---|---|---|---|
| 001 | bg | ||
| 003 | BPK | ||
| 005 | 20210825145543.0 | ||
| 008 | 040521s2004 pl a |000 0 pol | ||
| 015 | _aPB 2004/10017 | ||
| 020 | _a8389144212 | ||
| 040 |
_aWA N _cBPK |
||
| 041 | 0 | _apol | |
| 080 | _a349.442(438) | ||
| 080 | _a69:006.3/.8 | ||
| 100 | 1 |
_aKorzeniewski, Władysław _eAutor |
|
| 245 | 1 | 0 |
_aObliczanie powierzchni i kubatury budynków / _cWładysław Korzeniewski. |
| 250 | _aWyd. 2 zm. i uzup., stan prawny na dzień 1 stycznia 2004 r. | ||
| 260 |
_aWarszawa : _bCentralny Ośrodek Informacji Budownictwa, _c2004. |
||
| 300 |
_a121, [1] s. : _brys., tab. ; _c21 cm. |
||
| 650 | 4 |
_aBudownictwo _xpomiary _xnormalizacja _zPolska. |
|
| 650 | 4 |
_aBudownictwo _xprawo _zPolska. |
|
| 856 |
_uhttp://koha.tu.koszalin.pl/cgi-bin/koha/opac-detail.pl?biblionumber=46936 _yKatalog online BPK |
||
| 942 |
_2UKD _cKS |
||
| 999 |
_c46936 _d46936 |
||